Iggy Azalea Charting Songs (Billboard Hot 100) - Statistics

General Stats
  • This quiz has been taken 75 times
  • The average score is 10 of 13
Answer Stats
Album Weeks On Peak Artist(s) Song % Correct
The New Classic 39 Weeks #1 (7 Weeks) Iggy Azalea ft. Charli XCX Fancy
100%
The New Classic 30 Weeks #3 Iggy Azalea ft. Rita Ora Black Widow
95%
My Everything 25 Weeks #2 Ariana Grande ft. Iggy Azalea Problem
93%
Non-Album Single 9 Weeks #18 Jennifer Lopez ft. Iggy Azalea Booty
83%
Non-Album Single 8 Weeks #29 Britney Spears & Iggy Azalea Pretty Girls
81%
The New Classic 20 Weeks #54 Iggy Azalea Work
78%
Survive the Summer 1 Week #96 Iggy Azalea ft. Tyga Kream
76%
In My Defense 1 Week #62 Iggy Azalea Sally Walker
71%
Reclassified 5 Weeks #67 Iggy Azalea ft. Jennifer Hudson Trouble
66%
Reclassified 16 Weeks #27 Iggy Azalea & MO Beg for It
64%
Non-Album Single 8 Weeks #42 Iggy Azalea Team
60%
Paperwork 20 Weeks #33 T.I. ft. Iggy Azalea No Mediocre
53%
Furious 7 2 Weeks #86 Wiz Khalifa & Iggy Azalea Go Hard or Go Home
47%
No matching quizzes found
Score Distribution
Percent of People with Each Score
Percentile by Number Answered
Your Score History
You have not taken this quiz